[Event "FRA-ch"]
[Site "Narbonne"]
[Date "1997.08.19"]
[Round "5"]
[White "Anic, Darko"]
[Black "Koch, Jean Rene"]
[Result "1-0"]
[WhiteElo "2445"]
[BlackElo "2495"]
[Annotator "Ribli,Z"]
[PlyCount "89"]
[EventDate "1997.08.15"]
[EventType "tourn"]
[EventRounds "15"]
[EventCountry "FRA"]
[EventCategory "9"]
[SourceTitle "CBM 061"]
[Source "ChessBase"]
[SourceDate "1997.11.23"]
[SourceVersion "1"]
[SourceVersionDate "1997.11.23"]
[SourceQuality "1"]

1. Nf3 c5 2. c4 Nc6 3. d4 cxd4 4. Nxd4 Nf6 5. Nc3 e6 6. a3 {Das ist eine auf
den ersten Blick genügsam erscheinende, in Wirklichkeit aber gefährliche
Fortsetzung.Ribli.} Qc7 (6... Be7 7. e4 O-O 8. Nf3 (8. Be2 d5 9. exd5 exd5 10.
O-O Nxd4 11. Qxd4 Be6 12. cxd5 Nxd5 13. Nxd5 Bxd5 {1/2-1/2 Kortschnoj,
V-Kasparov,G/Horgen CS 1994}) 8... d6 9. Be2 b6 10. Bf4 Bb7 11. Qd3 Qb8 12. Rd1
Ne5 13. Qb1 Ng6 14. Bg3 Nh5 15. Qc1 Nxg3 16. hxg3 Bf6 {Kortschnoj,V-Akesson,R/
Antwerp op 1995/1/2-1/2 (51)}) 7. Ndb5 (7. Bg5 $5 a6 (7... Nxd4 8. Qxd4 Bc5 9.
Qd2 $14) 8. e3 Be7 9. Rc1 O-O 10. Be2 b6 11. Bf4 Ne5 12. O-O Bb7 13. Bg3 $13 {
Wojtkiewicz,A-Przewoznik,J POL-ch 1992 EXP/29}) 7... Qb8 8. g3 a6 9. Nd4 d6 (
9... Qc7 10. Bg2 Be7 11. O-O Ne5 12. Bf4 d6 13. Rc1 O-O 14. Na4 Ng6 15. Be3 Ng4
16. Bd2 Bf6 17. e3 N4e5 18. c5 d5 19. Nb6 Rb8 20. b4 Nd7 21. Nxc8 Rbxc8 22. Qb3
b6 23. cxb6 Qxb6 {Salov,V-Yudasin,L/Madrid 1992/CBM 30/[Ribli]/1-0 (59)}) (9...
Qd6 10. e3 $14) (9... Nxd4 10. Qxd4 b6 $5) 10. Bg2 Bd7 11. O-O Be7 12. b3 O-O
13. Bb2 {Schwarz spielt den sogenannten Igel, hat aber eine Reihe von
Problemen: die Dame schränkt den Ra8 ein, der Nc6 stünde viel elastischer auf
d7 und der Bd7 wäre besser auf b7 postiert.Ribli.} Rc8 14. e3 $14 Ra7 {Schwarz
möchte die Probleme auf der Diagonale h1-a8 mit dem Textzug lösen, aber der
Turm steht keineswegs gut auf a7.Ribli.} (14... Nxd4 15. exd4 (15. Qxd4 Bc6)
15... Bc6 16. d5 $14) 15. Ne4 e5 $6 {Schwarz verkompliziert das Spiel auf
Kosten der Felderschwächung auf d5.Ribli.} (15... Nxe4 16. Bxe4 Bf6 17. Nxc6 (
17. Qh5 g6) 17... Bxc6 18. Bxf6 Bxe4 19. Bxg7 (19. Qg4 Bg6 $11) 19... Kxg7 20.
Qd4+ $16) (15... b5 16. Nxf6+ Bxf6 17. Bxc6 Bxc6 18. Nxc6 Rxc6 19. Bxf6 gxf6
20. Qg4+ Kf8) 16. Ne2 {[%csl Rd5]} b5 17. cxb5 axb5 18. N2c3 {[%cal Gc3d5]} Be6
(18... b4 19. Nxf6+ Bxf6 20. Nd5 $16 {[%csl Gd5]}) 19. Nxf6+ Bxf6 20. Nd5 {
[%csl Gd5]} Bxd5 $6 {Der weiße Springer dominierte zwar das Brett, die Aufgabe
des Läuferpaars scheint mir dennoch ein Fehler zu sein.} (20... Bd8 $5) (20...
b4 21. a4) 21. Qxd5 {[%csl Gb2,Gg2]} Ne7 22. Qd2 Qb6 (22... d5 23. Bxd5 (23.
Rac1) (23. Bc3 Z0 24. Bb4 $140) 23... Rd8 (23... Rd7 $2 24. Bxf7+ Kxf7 25. Qxd7
$16) 24. e4 Rad7) 23. Rac1 $1 {Mit einfachen, aber starken positionellen Zügen
verbessert Weiß seine Stellung.Ribli.} Rac7 24. Rxc7 Rxc7 25. Rd1 {[%csl Rd6]}
Nc8 26. Bc3 $1 {[%csl Rd6][%cal Yc3b4,Yb4d6]} Ra7 27. Bb4 Be7 (27... h6 28. Bh3
(28. Bxd6 $2 Rd7 {[%cal Gd7d1]})) 28. Bh3 {[%csl Gh3]} Ra8 (28... Qb8 29. Qd5 {
[%csl Gd5]}) (28... Qb8 29. Bxc8 Qxc8 30. Bxd6 Rd7 $19 {[%cal Gd7d1]}) 29. Qd5
{[%csl Gd5,Re7]} Rb8 30. Rc1 {[%cal Gc1c8]} Na7 31. Bg2 {Alle vier weißen
Figuren stehen aktiv, und Schwarz hat nicht die geringste Hoffnung auf
Gegenspiel.Ribli.} Bf8 32. h4 h5 $6 {[%csl Rh5]} (32... h6) 33. Be4 $16 Rc8 (
33... Nc8 34. Bg6 Qb7 35. Qxb7 Rxb7 36. Rxc8 fxg6 37. Bxd6 $18) 34. Rxc8 Nxc8
35. Bg6 {[%csl Rh5]} Qc7 36. Bxh5 {[%csl Rb5,Gd5,Rf8,Gh5]} Qd7 37. Be2 {
[%csl Rb5] Das weiße Läuferpaar -besonders der weißfeldrige Läufer -gewinnt
die Partie.Ribli.} Na7 38. Qa8 Qc7 39. Bf3 (39. Bxd6 $6 Qxd6 40. Qxa7 Qxa3 41.
Qxa3 Bxa3 42. Bxb5 $16) 39... Nc8 40. Qc6 Qxc6 (40... Qb8 41. Qe8 $18) 41. Bxc6
$18 Na7 42. Bb7 {[%csl Ra7]} d5 (42... Be7 43. Ba5 $18 {[%cal Ra5b6,Rb6a7]})
43. Ba5 Bd6 44. Bb6 b4 {Das ist der letzte Trick von Schwarz.Ribli.} 45. a4 (
45. Bxa7 $4 bxa3 $19 {[%cal Ra3a1]}) 1-0

[Event "Terres Catalanes 15th"]
[Site "Ampuriabrava"]
[Date "1997.09.19"]
[Round "3"]
[White "Cifuentes Parada, Roberto"]
[Black "Izeta Txabarri, Felix"]
[Result "1/2-1/2"]
[WhiteElo "2555"]
[BlackElo "2525"]
[Annotator "Ribli,Z"]
[PlyCount "84"]
[EventDate "1997.09.17"]
[EventType "tourn"]
[EventRounds "9"]
[EventCountry "ESP"]
[EventCategory "10"]
[SourceTitle "CBM 062"]
[Source "ChessBase"]
[SourceDate "1998.01.31"]
[SourceVersion "1"]
[SourceVersionDate "1998.01.31"]
[SourceQuality "1"]

1. c4 Nf6 2. Nc3 c5 3. Nf3 Nc6 4. d4 cxd4 5. Nxd4 e6 6. g3 Qb6 7. Ndb5 Bc5 {
Heutzutage wird häufiger die Variante 7...Ne5 gespielt. Das Hauptproblem für
Schwarz ist, daß der Bauer f2 nicht wirklich hängt. Ribli.} 8. Bg2 $1 (8. Nd6+
Ke7 9. Nde4 Nxe4 10. Nxe4 Bb4+ 11. Bd2 Bxd2+ 12. Qxd2 Qb4 $1 13. Rd1 Qxd2+ (
13... Qxc4 14. Qg5+ Kf8 15. Nd6 $44) 14. Rxd2 d5 $1 $146 (14... b6 15. Bg2 Bb7
16. Nd6 $14 {1/2-1/2 Ryskin,A-Savon,V/Nikolaev zt 1993 (45)}) 15. cxd5 exd5 16.
Nc5 b6 17. Nb3 Be6 18. Bg2 Rhd8 {Tsesarsky,I-Shevelev,A/Kfar-Saba 1997/1/2-1/2
(57)}) 8... a6 (8... Bxf2+ 9. Kf1 {[%cal Rc3a4] Weiß opfert einen Bauern, aber
ich kann nicht sehen, wie Schwarz seinen Läufer verteidigen kann.} Ng4 10. Na4
(10. Qd6 $18 {[%csl Re8][%cal Rb5c7]}) 10... Ne3+ 11. Bxe3 Qxe3 12. Nc7+ $18) (
8... d5 9. O-O dxc4 10. Bf4 $16) 9. Nd6+ Ke7 (9... Bxd6 $6 10. Qxd6 $16 {
Weiß verfügt wegen der schwachen schwarzen Felder über großes positionelles
Übergewicht.}) 10. Nde4 (10. Nxc8+ $2 {Selbstverständlich tauscht Weiß nicht
den schlechten weißfeldrigen Läufer.} Raxc8 $11) 10... Nxe4 11. Nxe4 Bb4+ 12.
Bd2 Bxd2+ (12... d5 13. cxd5 exd5 14. Nc3 Be6 15. O-O Rad8 16. Na4 Qa5 17.
Bxb4+ Qxb4 18. a3 Qd6 19. Rc1 h5 20. Nc5 Bc8 21. Qb3 Nd4 22. Qe3+ Ne6 23. Rfd1
d4 24. Qe4 {1-0 Christiansen,L-Ristic,N/BL9697 (30)}) 13. Qxd2 Qb4 14. c5 $14 {
Ein logischer Zug. Weiß verhindert die Entwicklung des schwarzen Damenflügels.
Sein g2-Läufer ist viel wertvoller, als der schwarze auf c8.} (14. Rd1 Qxd2+
15. Rxd2 b5 16. c5 a5 17. O-O Ba6 18. f4 Ra7 19. Nd6 Rc7 20. e4 a4 21. e5 Na5
22. f5 f6 {1/2-1/2 Lautier,J-Izeta Txabarri,F/Madrid 1993/CBM 36/[Ribli] (35)})
(14. Nc3 Qxc4 15. Qg5+ (15. Rc1 Qd4 $15) 15... Kf8 16. O-O $44 {[%csl Rc8,Rf8]}
) 14... Rb8 {Schwarz weicht den Unannehmlichkeiten auf der Diagonalen h1-a8
aus und bereitet den Befreiungszug ...b6 vor.} 15. Rc1 Qxd2+ 16. Nxd2 (16. Kxd2
$5 b6 17. b3 (17. cxb6 Rxb6 18. b3 d5 $11) 17... bxc5 18. Nxc5 $14 (18. Rxc5
Bb7)) 16... b6 (16... b5 17. Ne4 $14 {[%cal Re4d6]}) 17. Bxc6 {Wenn Weiß
freiwillig seinen schönen Katalanisch-Läeufer gibt, muß er etwas Konkretes für
den Tausch bekommen. Hier hat Weiß die bessere Bauernstruktur, was einen
geringen, aber dauerhaften, Vorteil bedeutet.} dxc6 18. cxb6 Rxb6 19. Nc4 {
[%csl Ra6,Rc6]} Rb5 20. f4 Bb7 (20... f6 $5 {Schwarz bereitet 21...e5 vor.})
21. Kf2 c5 {[%cal Gb7h1]} 22. Rhd1 Bd5 {Schwarz hat nur eine Schwäche, die er
mit aktivem Figurenspiel gut verteidigen kann.} 23. b3 Bxc4 {Schwarz strebt
nach Vereinfachungen, denn er ist sicher, das entstehende Turmendspiel halten
zu können.} (23... Ra8) (23... h6) 24. Rxc4 Rd8 25. Rxd8 Kxd8 26. Ke3 {[%csl
Rc5] Der weiße König kommt ins Zentrum, aber Schwarz kann seine Schwäche
relativ problemlos verteidigen.} Kc7 27. Kd3 h5 {Dieser Zug gewinnt Raum am
Königsflügel und blockiert die weißen Bauern.} 28. Kc3 Kc6 29. e4 {Weiß
mobilisiert seine letzten Reserven am Königsflügel und nimmt dem schwarzen
König für ein eventuelles Bauernendspiel das Feld d5.} (29. b4 $6 a5 30. Rxc5+
(30. a3 $2 axb4+ 31. axb4 Rxb4 32. Rxb4 cxb4+ 33. Kxb4 Kd5 $17 {[%csl Rb4,Gd5]
[%cal Rd5e4]}) 30... Rxc5+ 31. bxc5 Kxc5 $11) 29... a5 30. a3 Rb7 $11 {Nur
eine Abwartezug, denn 31...Rd7 mit aktivem Spiel wäre wegen 32.b4 zu früh.} 31.
b4 (31. h3 Kb5 {[%csl Rc4][%cal Gb7d7,Gd7d1]}) 31... axb4+ 32. axb4 Rxb4 (32...
Rb5 33. bxc5 Rxc5 (33... Rb1 $44 {[%csl Gb1]}) 34. Kd4 Rxc4+ 35. Kxc4 $11) 33.
Rxb4 cxb4+ 34. Kxb4 {In diesem Bauernendspiel steht Weiß scheinbar wegen
seines aktiven Königs besser, aber die Königsstellung bringt nichts wirklich
konkretes.} f6 35. Kc4 (35. Ka5 $4 {In Bauernendspielen kann jeder Fehler
verhängnisvoll sein.} Kc5 $19) 35... Kb6 $1 (35... Kd6 $2 36. Kb5 f5 37. e5+
Kd5 38. Kb6 Ke4 (38... g5 39. fxg5 Kxe5 40. Kc6 $22 h4 41. Kd7 hxg3 (41... h3
42. Ke7 $18) 42. hxg3 $18) (38... h4 39. Kc7 (39. gxh4 $2 Ke4 40. Kc5 Kxf4 41.
Kd6 Kg4 42. Kxe6 f4 $11) 39... h3 (39... hxg3 40. hxg3 Ke4 41. Kd6 $18) 40. Kd7
g6 41. Ke7 Ke4 42. Kxe6 Kf3 43. Kf6 Kg2 44. e6 Kxh2 45. e7 $18) 39. Kc6 Kf3 40.
Kd6 Kg2 41. Kxe6 Kxh2 42. Kxf5 Kxg3 43. e6 $18) 36. f5 Kc6 (36... e5 $4 37. Kd5
$18) 37. Kd4 (37. fxe6 Kd6 38. e7 Kxe7 39. Kd5 Kf7 $11) 37... Kd6 38. h3 Kc6
39. e5 (39. g4 e5+ 40. Kc4 $8 (40. Kd3 hxg4 (40... h4 $2 41. Kc4 $22 Kd6 42.
Kb5 $16) 41. hxg4 Kb5 42. Kc3 Kc5 $22 {Die Herbeiführung der Opposition ist in
Bauernendspielen eines der wichtigsten Motive.} 43. Kd3 Kb4 $19) 40... h4 41.
Kb4 Kb6 $11) 39... exf5 (39... fxe5+ $2 40. Kxe5 exf5 41. Kxf5 $18 {[%csl Gf5,
Rg7,Rh5]}) 40. exf6 gxf6 41. Ke3 Kd5 42. Kf4 h4 (42... h4 43. gxh4 Ke6 $11 {
Und in dieser elementaren Stellung wurde Remis vereinbart. Ribli.}) 1/2-1/2

[Event "Griesheim GM 3rd"]
[Site "Griesheim"]
[Date "2003.02.01"]
[Round "4"]
[White "Agrest, Evgenij"]
[Black "Buhmann, Rainer"]
[Result "1-0"]
[WhiteElo "2574"]
[BlackElo "2525"]
[Annotator "Ribli,Z"]
[PlyCount "63"]
[EventDate "2003.01.29"]
[EventType "tourn"]
[EventRounds "9"]
[EventCountry "GER"]
[EventCategory "11"]
[SourceTitle "CBM 094"]
[Source "ChessBase"]
[SourceDate "2003.05.26"]
[SourceVersion "1"]
[SourceVersionDate "2003.05.26"]
[SourceQuality "1"]

1. c4 c5 2. Nf3 Nc6 3. d4 {Mit diesem Zug oeffnet Weiß die Stellung. Nach 3.
Nc3 waere 3...e5 moeglich.} cxd4 4. Nxd4 Nf6 5. Nc3 e6 6. g3 Qb6 7. Ndb5 {
Dieser Zug fuehrt zu kompliziertem Spiel. Die klassische Fortsetzung ist 7.Nb3,
wonach Schwarz gewoehnlich die Variante 7...Ne5 8.e4 Bb4 wählt - mit ungefaehr
gleichem Spiel.} Ne5 8. Bg2 (8. Bf4) 8... a6 9. Na3 {Das ist vermutlich die
vorbereitete Variante des schwedischen Großmeisters.} (9. Qa4 Rb8 10. Be3 Bc5
11. Bxc5 Qxc5 12. Qa3 b6 $11) 9... Bb4 $6 {Dieser Lauferzug ist eine Neuerung,
aber nach meiner persoenlichen Meinung bietet die Variante 9...bxa3 10.bxa3
Nxc4 Schwarz mehr Chancen auf Ausgleich.} (9... Bxa3 10. bxa3 Nxc4 11. Bg5 d5 (
11... Qc5 12. Bxf6 gxf6 13. O-O Ne3 14. Qd3 Nxf1 15. Ne4 Qc7 16. Nxf6+ Ke7 17.
Qd4 Nd2 18. Qh4 Kf8 19. Qh6+ Ke7 20. Qg5 Kf8 21. Qh6+ Ke7 {1/2-1/2 Agrest,
E-Kovacevic,A/Halkidiki 2002/CBM 92 (21)}) (11... h6 12. Bxf6 gxf6 13. O-O Rb8
14. Rc1 Qd6 $1 15. Qc2 b5 16. a4 Qe5 17. axb5 axb5 18. a4 $5 bxa4 19. Qxa4 Nd2
20. Rfd1 Nb3 21. Rc2 O-O 22. Nd5 $1 {1/2-1/2 Gelfand,B-Van Wely,L/Bled 2002/
CBM 92/[Gelfand] (47)}) 12. O-O Bd7 (12... O-O 13. Rc1 Rd8 14. Bxf6 gxf6 15. e4
d4 16. Na4 Qb5 17. Rxc4 {1/2-1/2 Agrest,E-Wedberg,T/Skara 2002/CBM 91/[Ribli] 
(23)}) 13. e4 Nxe4 14. Nxe4 dxe4 15. Rb1 Qc5 16. Rxb7 O-O 17. Qc1 Bb5 18. a4
Bxa4 19. Bxe4 Rac8 20. Be7 Qe5 21. Re1 Rfe8 22. Bxh7+ Kxh7 23. Rxe5 Nxe5 24.
Rc7 Bc6 {1/2-1/2 Agrest,E-Ivanchuk,V/Sweden SWE 2003/(46)}) (9... Be7 10. O-O
Qc7 11. Bf4 d6 12. Rc1 Rb8 13. c5 Nfd7 14. cxd6 Qxd6 15. Qc2 {1-0 Agrest,
E-Hellers,F/SWE 2002/EXT 2003 (51)}) 10. O-O Bxc3 (10... O-O 11. Qb3 $14 {
[%csl Rc8][%cal Gb3b6] Es ist schwer zu sehen, wie Schwarz seinen c8-Laufer
entwickeln kann.}) 11. bxc3 O-O 12. Qd4 $1 Qxd4 (12... Qc7 13. Bf4 d6 14. c5
$18 {[%csl Re5][%cal Gf4c7]}) (12... Qa5 13. c5 Nc6 14. Bxc6 dxc6 15. Nc4 $16)
13. cxd4 $14 {[%csl Gc1,Gc4,Gd4,Gg2] Weiß hat das Läuferpaar und
Zentrumsvorteil. Außerdem hat Schwarz große Schwierigkeiten mit der
Entwicklung des Damenfluegels.} Nc6 (13... Ng6 14. c5 $18 {[%cal Ga3c4,Gc4b6,
Gc4d6]}) 14. d5 (14. Bb2 d5 $14) (14. c5 Nxd4 15. Re1 $44) 14... exd5 15. cxd5
Nb4 (15... Nd4 16. Re1 $16 {[%csl Rc8][%cal Gc1b2,Gb2f6]}) 16. Rd1 (16. e4 $16)
16... Re8 17. Bf3 $16 {Weiß hat die ueberlegene Stellung - Schwarz hat schwere
Probleme mit der Figurenkoordination.} (17. Rd2 $5 $16) 17... b5 18. Bb2 {
[%mdl 2048]} (18. Bd2 Nbxd5 (18... a5 19. Nxb5 $18) 19. Bg5 $18 {[%csl Ra8,Rd5]
[%cal Rf3a8]}) 18... Bb7 $2 (18... Rb8 19. Bxf6 gxf6 20. Rd2 d6 21. Nc2 Nxc2
22. Rxc2 $16) 19. Bc3 Nbxd5 {Dieser Zug verliert eine Figur, aber guter Rat
war schon teuer.} (19... a5 20. Nxb5 $18) 20. Bxf6 gxf6 21. Bxd5 Bxd5 22. Rxd5
$18 {[%mdl 1024] Weiß hat großen Materialvorteil. Der a3N ist noch nicht
wirklich im Spiel, aber der weiße Gewinn ist nur eine Frage der Zeit.} Rxe2 23.
Rc5 {[%csl Gc5][%cal Ga3c2,Gc5c8]} Rae8 24. Nc2 {Schwarz hat zwei Bauern für
die Figur, aber seine Bauernstruktur ist sehr schwach.} R8e4 25. Rd1 {[%csl
Gc2,Gc5,Gd1]} Ra4 26. a3 b4 27. axb4 Ra2 28. Rc1 (28. Ne3 $5 Rxf2 29. Rxd7 Rfb2
30. Rd8+ Kg7 31. Nf5+ Kg6 32. Rg8+ Kh5 33. g4# $18) 28... d5 29. Kf1 Rd2 30.
Ke1 Rd3 31. Ra1 Rb2 32. Rd1 1-0

[Event "Asker 75th"]
[Site "Asker"]
[Date "1997.11.30"]
[Round "9"]
[White "Akesson, Ralf"]
[Black "Rytshagov, Mikhail"]
[Result "0-1"]
[WhiteElo "2520"]
[BlackElo "2525"]
[Annotator "Ribli,Z"]
[PlyCount "78"]
[EventDate "1997.11.22"]
[EventType "tourn"]
[EventRounds "9"]
[EventCountry "NOR"]
[EventCategory "10"]
[SourceTitle "CBM 062"]
[Source "ChessBase"]
[SourceDate "1998.01.31"]
[SourceVersion "1"]
[SourceVersionDate "1998.01.31"]
[SourceQuality "1"]

1. Nf3 c5 2. c4 Nc6 3. d4 (3. Nc3 Nd4 $5 {Dieser extrawagante Springerzug
genießt heutzutage Popularität.Ribli.}) 3... cxd4 4. Nxd4 e6 5. Nc3 Nf6 6. Bg5
{Eine seltene Variante. Die Alternativen - 6.g3, 6.Ndb5 und 6.a3- sind häufig
gespielt worden. Der Textzug findet sich in ein paar Partien von GM Lautier.}
Be7 7. e3 O-O 8. Be2 b6 {Meiner Meinung nach ist das ein einfacher Weg zum
Ausgleich. Schwarz entwickelt seinen Läufer nach b7 und möchte eine
Igelstellung aufbauen, in der der Bg5 nicht glücklich steht.} 9. O-O (9. Ndb5
d5 10. Bxf6 Bxf6 11. cxd5 exd5 12. Qxd5 Qxd5 13. Nxd5 Bxb2 14. Rb1 Be5 15. Rc1
Na5 16. f4 Bb2 17. Rc2 Bf6 18. Bf3 Bf5 19. Rc7 Rac8 20. Nxa7 Rxc7 21. Nxc7 Rd8
$44 {Stangl,M-Alterman,B/Tan Cup 1995/1/2-1/2 (59)}) 9... Bb7 10. Rc1 (10. Bxf6
Bxf6 11. Ndb5 Ne7 12. Qb3 d6 13. Rfd1 Nc8 {Das ist ein Schlüsselzug des
schwarzes Plans. Die weißen Aktivitäten bringen nichts Konkretes ein. Schwarz
hat eine ausgeglichene Stellung erreicht.} 14. Rac1 a6 15. Nd4 Qc7 16. Qc2 Na7
17. Na4 Rac8 18. Qd2 Rfd8 19. b3 Ba8 {1/2-1/2 Lautier,J-De Firmian,N/Biel 1990/
CBM 19/[Ribli]}) 10... Ne5 {Das ist ein typisches Manöver. In Igelstellungen
ist der Springer am besten, am elastischsten, auf d7 platziert.} 11. Bf4 d6 12.
Bg3 (12. Bxe5 $2 dxe5 $15 {Schwarz hat keine Angst vor dem Doppelbauern, denn
er besitzt das Läuferpaar und starke Kontrolle auf den schwarzen Feldern.})
12... Rc8 13. b3 a6 {Schwarz kommt um diesen gegen Ndb5 oder Ncb5 gerichteten
Zug nicht drum rum.} 14. Qd2 Rc7 $11 {Ein elastischer Zug. Schwarz bereitet 15.
..Qa8 vor und eröffnet sich viele Möglichkeiten zur Turmverdopplung.} 15. Rfd1
Qa8 16. f3 {Weiß schränkt den Wirkungskreis des gegnerischen Läufers auf der
großen Diagonale ein.} (16. Bf1) 16... Rd8 17. e4 {Wir haben eine typische
Igelstellung auf dem Brett. Weiß hat großen Raumvorteil, aber die schwarze
Stellung ist solide. Es ist nicht leicht für Weiß voranzukommen, weil jeder
Schritt auch mit taktischen Gegenchancen für Schwarz verbunden ist.} Qb8 18.
Kh1 Re8 19. Bf1 {Das ist die Phase der Manöver. Die Spieler folgen keinem
konkreten Plan, sie versuchen ihre Stellung durch kleine Züge zu verbessern,
bevor die entscheidende Schlacht losbricht.} Bd8 {[%cal Gd8c7] Das ist auch
ein typisches Manöver: der Läufer zielt nach c7, von wo aus er beide Schwächen
b6 und d6 zugleich halten kann.} 20. Nc2 {[%cal Gc2e3]} Rd7 21. Ne3 {[%csl Yd5]
Weiß verhindert den möglichen Vorstoß d6-d5. Schwarz befindet sich in einer
etwas passiven, aber trotzdem bequemen Position.} Bc7 22. Bh4 (22. h3 $6 {
Mit der Idee 23.f4, und der Springerzug nach g4 ist unterbunden.} d5 {Wenn
Schwarz diesen Zug hat, meint das mindestens Ausgleich.} 23. cxd5 Nxf3 24. gxf3
Bxg3 $15) 22... Qd8 (22... Bd8 $11) 23. Qb2 (23. Qe1 $5) 23... Ng6 24. Bf2 h5
$13 {Schwarz besitzt etwas Initiative am Königsflügel, aber er muß vorsichtig
sein, da seine Königsstellung ein wenig geschwächt ist.} 25. b4 h4 26. Rc2 $6 {
Dieser zögerliche Turmzug gefällt mir nicht. Es sollte - nach meiner Meinung -
der sofortige Durchbruch am Damenflügel folgen.} (26. c5 $5 d5 $13 27. exd5
exd5 28. Ne2 {[%csl Yd4][%cal Ge2d4]}) 26... Nh5 {[%csl Yg3,Rh1,Gh4,Gh5] Am
Königsflügel ist noch nichts Konkretes, aber in einigen Varianten hat Schwarz
die Möglichkeit zu ...Ng3.} 27. c5 {Schwarz sucht Angriff am Königsflügel, so
es ist logisch, daß Weiß aktiv am Damenflügel spielt.} d5 28. exd5 exd5 29. Ne2
{[%cal Ge2d4] Der weiße Springer zielt nach d4. Dort kontrolliert er die
wichtigsten Felder.} bxc5 30. bxc5 Bc6 {[%cal Rc6a4,Ra4d1]} 31. Nd4 Ba4 32.
Bxa6 $5 {Weiß opfert die Qualität. In Falle der Annahme des Qualitätsopfers
werden die weißen Felder in der schwarzen Stellung schwach.} Qg5 $1 $40 {
[%csl Gc7,Ge8,Gg5,Rh1,Gh4,Gh5] Die schwarze Dame schafft die unangenehmen
Drohungen ...Rxe3 und ...Ng3.} (32... Bxc2 33. Qxc2 $44) 33. Qc3 Ng3+ $1 {
[%csl Gg3]} 34. Kg1 (34. hxg3 hxg3 35. Ndf5 {[%cal Rc3g7]} Be5 $17) 34... Rde7
35. Nf1 (35. hxg3 hxg3 $40) 35... Nxf1 36. Bxf1 Nf4 $17 {Die schwarze Drohung
ist 37...Nh3 38.Kh1 Nxf2 39.Qxf2 Bxd1 mit Gewinn.} 37. Kh1 Be5 38. Qd2 $2 $138
{Der letzte Fehler in Zeitnot.} (38. c6 $8) 38... Bxd4 39. Bxd4 Re2 $19 {
[%csl Rg2,Rh1] Weiß muß die verlorene Stellung aufgeben.} (39... Re2 40. Qxe2 (
40. Bxe2 Qxg2#) 40... Rxe2 41. Rxe2 Bxd1 $19) 0-1